[Event "Osroda Elo"]
[Site "Osroda"]
[Date "2009.08.08"]
[Round "2"]
[White "Jadanowski, Lukasz"]
[Black "Cyborowski, Lukasz"]
[Result "1/2-1/2"]
[WhiteElo "2132"]
[BlackElo "2498"]
[PlyCount "104"]
[EventDate "2009.08.07"]
[EventType "tourn"]
[EventRounds "9"]
[EventCountry "POL"]
[SourceTitle "CBM 131 Extra"]
[Source "ChessBase"]
[SourceDate "2009.09.03"]
[SourceVersion "2"]
[SourceVersionDate "2009.09.16"]
[SourceQuality "1"]

1. d4 d6 2. e4 Nf6 3. Nc3 c6 4. a4 e5 5. dxe5 dxe5 6. Qxd8+ Kxd8 7. Bc4 Bb4 8. Bg5 Ke8 9. f3 Nbd7 10. Nge2 h6 11. Be3 a5 12. Kf2 Bc5 13. Nc1 Bxe3+ 14. Kxe3 Nc5 15. Nd3 Nxd3 16. cxd3 Ke7 17. d4 exd4+ 18. Kxd4 Rd8+ 19. Ke3 Be6 20. Bxe6 fxe6 21. Rad1 e5 22. g3 Nd7 23. f4 Nb6 24. Ke2 Nc4 25. b3 Nb6 26. fxe5 Nd7 27. Rb1 Nc5 28. b4 axb4 29. Rxb4 Ra7 30. Rd1 Rxd1 31. Kxd1 Nd3 32. Rb1 Ke6 33. Ke2 Nc5 34. Ke3 Kxe5 35. Rb4 Nd7 36. h3 Nc5 37. Rc4 Ne6 38. Rb4 Ng5 39. h4 Ne6 40. Nd1 Nc5 41. Nb2 Ke6 42. Kd4 Nd7 43. Nd3 b6 44. Rc4 c5+ 45. Kc3 Ra8 46. e5 Kd5 47. Re4 Re8 48. Nf4+ Kc6 49. Ng6 Nf8 50. Nxf8 Rxf8 51. Rf4 Re8 52. Rg4 Kd5 1/2-1/2

[Event "Breizh Masters"]
[Site "Guingamp"]
[Date "2009.02.16"]
[Round "4"]
[White "Jadanowski, Lukasz"]
[Black "Miron, Lucian Costin"]
[Result "1/2-1/2"]
[WhiteElo "2111"]
[BlackElo "2443"]
[PlyCount "102"]
[EventDate "2009.02.13"]
[EventType "tourn"]
[EventRounds "9"]
[EventCountry "FRA"]
[EventCategory "3"]
[SourceTitle "CBM 128 Extra"]
[Source "ChessBase"]
[SourceDate "2009.03.05"]
[SourceVersion "2"]
[SourceVersionDate "2009.03.25"]
[SourceQuality "1"]

1. d4 d5 2. Nf3 e6 3. Bf4 c5 4. c3 Nc6 5. e3 Bd6 6. Bxd6 Qxd6 7. Nbd2 Nf6 8. Bd3 0-0 9. 0-0 e5 10. dxe5 Nxe5 11. Nxe5 Qxe5 12. Nf3 Qe7 13. Qa4 Bg4 14. Qf4 Bxf3 15. Qxf3 Rad8 16. Rfd1 Rd6 17. Qf4 Rfd8 18. Bc2 g6 19. Rd3 Ne4 20. f3 Nf6 21. Rad1 Re6 22. Bb3 Re8 23. Bxd5 Nxd5 24. Rxd5 Rxe3 25. h3 Qe6 26. a3 Re2 27. R1d2 Rxd2 28. Qxd2 b6 29. Rd8 Rxd8 30. Qxd8+ Kg7 31. Qd2 h5 32. Kf2 Qe5 33. Qd7 Qf4 34. Qd1 Kf6 35. g3 Qf5 36. Kg2 Ke6 37. h4 Qd5 38. Qe2+ Kd6 39. c4 Qe5 40. Kf2 Qd4+ 41. Kg2 Qe5 42. Kf2 Qxe2+ 43. Kxe2 Ke5 44. Ke3 Kf5 45. Kd3 a6 46. a4 a5 47. Ke3 f6 48. Kd3 g5 49. Ke3 Ke5 50. f4+ gxf4+ 51. gxf4+ Ke6 1/2-1/2

[Event "POL-chT 1st League"]
[Site "Opole"]
[Date "2006.09.06"]
[Round "5"]
[White "Dudzinski, Piotr"]
[Black "Jadanowski, Lukasz"]
[Result "1-0"]
[WhiteElo "2254"]
[BlackElo "2072"]
[PlyCount "123"]
[EventDate "2006.09.01"]
[EventType "team-tourn"]
[EventRounds "9"]
[EventCountry "POL"]
[SourceTitle "CBM 114 Extra"]
[Source "ChessBase"]
[SourceDate "2006.11.03"]
[SourceVersion "1"]
[SourceVersionDate "2006.11.03"]
[SourceQuality "1"]
[WhiteTeam "Ostrow Wielkopolski"]
[BlackTeam "Ostroda Ostrodzianka"]
[WhiteTeamCountry "POL"]
[BlackTeamCountry "POL"]

1. e4 Nf6 2. e5 Nd5 3. Nc3 Nxc3 4. bxc3 d6 5. exd6 cxd6 6. d4 g6 7. Nf3 Bg7 8. Be2 0-0 9. 0-0 b6 10. Rb1 Bb7 11. c4 Nd7 12. Ba3 Rc8 13. Qd3 Qc7 14. Rfd1 Rfe8 15. Qb3 e5 16. dxe5 dxe5 17. Bd6 Qc6 18. Qa3 a5 19. c5 Qe4 20. Bb5 Bc6 21. Re1 Qf4 22. cxb6 Nxb6 23. Bxc6 Rxc6 24. Qxa5 Rxd6 25. Rxb6 Rdd8 26. Rb4 Qf5 27. Rbe4 Ra8 28. Qd5 Qe6 29. Qxe6 Rxe6 30. a4 f5 31. Rc4 e4 32. Nd4 Bxd4 33. Rxd4 Rc6 34. Ra1 Rxc2 35. g3 h5 36. Rd7 Kf8 37. a5 Ra6 38. Rb1 Rc8 39. Rb5 Rca8 40. Rb6 Rxa5 41. Rxg6 R8a6 42. Rgg7 Re6 43. Rh7 Kg8 44. Rdg7+ Kf8 45. Rb7 Kg8 46. Rhc7 Re8 47. Rg7+ Kh8 48. Rh7+ Kg8 49. Rbg7+ Kf8 50. Rg5 Ree5 51. Rhxh5 Ke7 52. g4 e3 53. fxe3 Rxe3 54. Rxf5 Ra1+ 55. Kg2 Rb3 56. Rf2 Rba3 57. Re5+ Kd6 58. Ref5 Ra4 59. h3 Ke7 60. Rf7+ Ke6 61. g5 Ra8 62. h4 1-0

[Event "POL-chT 1st League"]
[Site "Opole"]
[Date "2006.09.04"]
[Round "3"]
[White "Pazdziora, Michal"]
[Black "Jadanowski, Lukasz"]
[Result "1-0"]
[WhiteElo "2151"]
[BlackElo "2072"]
[PlyCount "94"]
[EventDate "2006.09.01"]
[EventType "team-tourn"]
[EventRounds "9"]
[EventCountry "POL"]
[SourceTitle "CBM 114 Extra"]
[Source "ChessBase"]
[SourceDate "2006.11.03"]
[SourceVersion "1"]
[SourceVersionDate "2006.11.03"]
[SourceQuality "1"]
[WhiteTeam "Dankowice Pasjonat"]
[BlackTeam "Ostroda Ostrodzianka"]
[WhiteTeamCountry "POL"]
[BlackTeamCountry "POL"]

1. d4 Nf6 2. c4 c5 3. d5 e5 4. Nc3 d6 5. e4 g6 6. Bd3 Bg7 7. h3 Na6 8. Nf3 0-0 9. Bg5 h6 10. Be3 Bd7 11. a3 Ne8 12. g4 Kh8 13. Qb1 b6 14. Ra2 Qc8 15. Nd2 Bf6 16. b4 Bg5 17. Bxg5 hxg5 18. Nf1 Kg7 19. Ne3 Rh8 20. f3 f6 21. Rah2 Kf7 22. Kd2 Ng7 23. h4 Qd8 24. Ng2 Rb8 25. b5 Nc7 26. Qg1 Ra8 27. Ne3 a6 28. a4 Qe7 29. Bc2 Qd8 30. Ne2 Nce8 31. Qf2 Qe7 32. Bd1 Qd8 33. Ng2 Qe7 34. Ne3 Qd8 35. Ke1 Nc7 36. hxg5 Rxh2 37. Qxh2 fxg5 38. Qh7 Qf6 39. Rh6 Be8 40. Ng3 Bd7 41. Nh5 gxh5 42. Rxf6+ Kxf6 43. gxh5 Kf7 44. h6 Rg8 45. Nf5 Bxf5 46. exf5 Nce8 47. Qg6+ Kf8 1-0

[Event "Ostroda op"]
[Site "Ostroda"]
[Date "2006.08.13"]
[Round "9.6"]
[White "Jadanowski, Lukasz"]
[Black "Puczylowski, Marcin"]
[Result "1/2-1/2"]
[WhiteElo "2072"]
[BlackElo "1900"]
[PlyCount "68"]
[EventDate "2006.08.07"]
[EventType "swiss"]
[EventRounds "9"]
[EventCountry "POL"]
[SourceTitle "CBM 113 Extra"]
[Source "ChessBase"]
[SourceDate "2006.09.14"]
[SourceVersion "1"]
[SourceVersionDate "2006.09.14"]
[SourceQuality "1"]

1. e4 c5 2. Nf3 d6 3. d4 cxd4 4. Nxd4 Nf6 5. Nc3 a6 6. a4 e5 7. Nf3 Be7 8. Bc4 Bg4 9. h3 Bh5 10. Bg5 Nbd7 11. Qe2 0-0 12. 0-0 Nc5 13. Bxf6 Bxf6 14. Qe3 Ne6 15. Nd5 Be7 16. a5 Rc8 17. b3 Kh8 18. g4 Bg6 19. Qe2 Bg5 20. c3 Nc5 21. Nxg5 Qxg5 22. f3 Ne6 23. Qe3 Qxe3+ 24. Nxe3 Nf4 25. Kh2 f6 26. Rfd1 Rfd8 27. Ng2 Nxg2 28. Kxg2 Rc7 29. Kf2 Bf7 30. Bxf7 Rxf7 31. Rd5 Kg8 32. Rad1 Rfd7 33. Ke3 Kf7 34. c4 Ke6 1/2-1/2

[Event "Ostroda op"]
[Site "Ostroda"]
[Date "2006.08.12"]
[Round "8.7"]
[White "Smola, Michal"]
[Black "Jadanowski, Lukasz"]
[Result "0-1"]
[WhiteElo "2017"]
[BlackElo "2072"]
[PlyCount "72"]
[EventDate "2006.08.07"]
[EventType "swiss"]
[EventRounds "9"]
[EventCountry "POL"]
[SourceTitle "CBM 113 Extra"]
[Source "ChessBase"]
[SourceDate "2006.09.14"]
[SourceVersion "1"]
[SourceVersionDate "2006.09.14"]
[SourceQuality "1"]

1. e4 c5 2. Bc4 e6 3. Nc3 a6 4. a4 Nc6 5. f4 g6 6. Nf3 Bg7 7. 0-0 Nge7 8. d3 Nd4 9. Nxd4 cxd4 10. Ne2 d5 11. Bb3 0-0 12. Ng3 dxe4 13. dxe4 Bd7 14. Bc4 b5 15. axb5 Bxb5 16. Bxb5 axb5 17. Rxa8 Qxa8 18. Qe2 Qc6 19. f5 exf5 20. exf5 Nxf5 21. Nxf5 gxf5 22. Rxf5 Re8 23. Qf1 Qxc2 24. Rxf7 d3 25. Rd7 Qc5+ 26. Kh1 Qf5 27. Rxg7+ Kxg7 28. Kg1 Qxf1+ 29. Kxf1 Re2 30. b3 Kf6 31. h4 h5 32. b4 Ke5 33. Bh6 Kd4 34. Bg7+ Kc4 35. Bf8 Kc3 36. Bd6 Re6 0-1

[Event "Ostroda op"]
[Site "Ostroda"]
[Date "2006.08.09"]
[Round "4.8"]
[White "Baturo, Tomasz"]
[Black "Jadanowski, Lukasz"]
[Result "1/2-1/2"]
[WhiteElo "2034"]
[BlackElo "2072"]
[PlyCount "20"]
[EventDate "2006.08.07"]
[EventType "swiss"]
[EventRounds "9"]
[EventCountry "POL"]
[SourceTitle "CBM 113 Extra"]
[Source "ChessBase"]
[SourceDate "2006.09.14"]
[SourceVersion "1"]
[SourceVersionDate "2006.09.14"]
[SourceQuality "1"]

1. d4 d5 2. Nf3 Nf6 3. c3 c6 4. Bf4 Bf5 5. e3 e6 6. Bd3 Bxd3 7. Qxd3 Bd6 8. Bxd6 Qxd6 9. Nbd2 Nbd7 10. 0-0 0-0 1/2-1/2

[Event "POL-chT 2nd League"]
[Site "Polanica Zdroj"]
[Date "2004.09.12"]
[Round "11.17"]
[White "Jadanowski, Lukasz"]
[Black "Jagodzinski, Waldemar"]
[Result "1-0"]
[WhiteElo "1941"]
[BlackElo "2226"]
[PlyCount "69"]
[EventDate "2004.09.04"]
[EventType "team-swiss"]
[EventRounds "11"]
[EventCountry "POL"]
[SourceTitle "EXT 2019"]
[Source "ChessBase"]
[SourceDate "2018.10.10"]
[SourceVersion "1"]
[SourceVersionDate "2018.10.10"]
[SourceQuality "1"]
[WhiteTeam "Ostroda Ostrodzianka"]
[BlackTeam "Znin Baszta"]
[WhiteTeamCountry "POL"]
[BlackTeamCountry "POL"]

1. e4 d6 2. d4 Nf6 3. Nc3 c6 4. g3 Nbd7 5. Bg2 e5 6. Nge2 Be7 7. 0-0 b5 8. d5 Bb7 9. h3 b4 10. dxc6 Bxc6 11. Nd5 Nxd5 12. exd5 Bb5 13. Be3 0-0 14. Qd2 Qc7 15. a3 Qc4 16. Rfe1 Rfc8 17. c3 bxa3 18. Rxa3 Nc5 19. Nc1 Bd7 20. b3 Qb5 21. c4 Qb7 22. Qc3 Na6 23. Nd3 Bf6 24. Be4 Bd8 25. Rea1 Nc5 26. Bxc5 dxc5 27. Nxe5 Bf6 28. Bg2 Qc7 29. f4 Re8 30. d6 Qxd6 31. Bxa8 Rxe5 32. Ra6 Qe7 33. fxe5 Bxe5 34. Qf3 Bxa1 35. Rxa1 1-0